Normal view MARC view
  • Herfter Rivera, María del Carmen

Entry Nombre Personal

Number of records used in: 1

001 - NUMERO DE CONTROL

  • campo de control: 39302

003 - IDENTIFICADOR DE NUMERO DE CONTROL

  • campo de control: UPN

005 - FECHA Y HORA DE LA ÜLTIMA TRANSACCIÓN

  • campo de control: 20210219194544.0

008 - DATOS DE LONGITUD FIJA

  • campo de control de longitud fija: nabaccnnaabn|||||||||| b |nc|||||d

035 ## - NUMERO DE CONTROL

  • Número de control: UPN11000011409

040 ## - FUENTE DE CATALOGACIÓN

  • Lenguaje de catalogación: SPA
  • Agencia de transcripción: UPN

100 1# - ENCABEZAMIENTO - NOMBRE PERSONAL

  • Nombre personal: Herfter Rivera, María del Carmen

670 ## - FUENTE EN LA QUE SE LOCALIZARON DATOS

  • Cita de la fuente: T
  • Uniform Resource Identifier: http://diario.mx/El_Paso/2014-03-20_765b4821/presenta-escritora-chihuahuense-carmen-herfter-rivera-su-nueva-obra/

680 ## - NOTA PUBLICA DE ACCESO PÚBLICO

  • Frase explicativa de la referencia: México. Lic. en contaduría Pública Fiscal por la Universidad regional del Norte de Chihuhua. Imparte clases de Matemáticas, Física y Química desde nivel primaria hasta bachillerato.

902 ## - CATALOGADOR

  • Catalogador: EMR/211016